Top 100 des transferts mercato été 2025 - Statistiques

Statistiques générales
  • Ce quiz a été pris 253 fois
  • Le résultat moyen est 47 sur 116
Statistiques - réponses
Club de départ Prix Nationalité Club transféré Réponse % Correct
Newcastle United 150 millions Suède Liverpool Alexander Isak
99%
Bayer Leverkusen 135 millions Allemagne Liverpool Florian Wirtz
97%
Eintracht Francfort 95 millions France Liverpool Hugo Ekitike
97%
Brentford 75 millions Cameroun Manchester United Bryan mbeumo
91%
Liverpool 74 millions Colombie Bayern Munich Luis Diaz
91%
Naples 75 millions Nigéria Galatasaray Victor osimhen
90%
Sporting Lisbonne 66 millions Suède Arsenal Viktor gyokeres
90%
Rb Leipzig 76 millions Slovénie Manchester United Benjamin sesko
89%
Liverpool 65 millions Uruguay Al Hilal Darwin Nunez
88%
Wolverhampton 74 millions Brésil Manchester United Matheus Cunha
87%
Crystal Palace 69 millions Angleterre Arsenal Eberechie eze
84%
Real Sociedad 65 millions Espagne Arsenal Martin zubimendi
84%
West ham united 64 millions Ghana Tottenham Mohamed kudus
84%
Rb Leipzig 60 millions Pays bas Tottenham Xavi Simons
82%
Brighton Albion 64 millions Brésil Chelsea Joao Pedro
80%
Bournemouth 62 millions Espagne Real Madrid Dean huijsen
79%
Vfb Stuttgart 90 millions Allemagne Newcastle United Nick Woltemade
79%
Atalanta Bergame 68 millions Italie Al qadshiya Mathéo Retegui
76%
OL 35 millions France Manchester city Ryan cherki
73%
Bournemouth 47 millions Hongrie Liverpool Milos kerkez
72%
Ac milan 55 millions Pays bas Manchester city Tijani Reijnders
72%
Manchester United 46 millions Argentine Chelsea Alejandro garnacho
70%
Leverkusen 40 millons Pays bas Liverpool FC Jérémy frimpong
69%
Wolverhampton 40 millions Algérie Manchester City Ryan aït nouri
69%
Benfica Lisbonne 50 millions Espagne Real Madrid Alvaro Carreras
68%
Nottingham forest 61 millions Suède Newcastle United Anthony elanga
68%
Chelsea 58 millions Angleterre Arsenal Noni madueke
68%
Bournemouth 63 millions Ukraine PSG Ilya zabarniy
67%
Bayern Munich 35 millions France Al Nassr Kingsley coman
67%
Chelsea FC 45 millions France Ac milan Christopher Nkunku
66%
Borussia Dortmund 56 millions Angleterre Chelsea Jamies gittens
65%
Brentford 63 millions RDC congo Newcastle United Yoanne wissa
64%
Feyenoord 35 millions Brésil OM Igor paixao
63%
OL 31 millions Géorgie Villarreal George mikautadze
58%
PSG 35 millions Italie Manchester City Gianluigi donnaruma
58%
River plate 45 millions Argentine Real Madrid Franco mastantuono
56%
Ipswich town 35 millions Angleterre Chelsea Liam delap
54%
OGC nice 40 millions France West Ham Jean-Claire todibo
52%
LOSC 40 millons France Bournemouth Bafodé Diakité
51%
Ac milan 40 millions Allemagne Newcastle United Malick thiaw
51%
Villarreal 50 millions Espagne Atletico Madrid Alex Baena
48%
Ajax Amsterdam 40 millions Pays bas Chelsea Jorell hato
47%
OGC nice 35 millions Côte d'ivoire Aston Villa Evan guessand
45%
Bologne 46 millions Suisse Nottingham forest Dan ndoye
42%
Strasbourg 35 millions France Nottingham forest Dilane bakwa
40%
Liverpool FC 35 millions Angleterre Leverkusen Jarell quansah
40%
Chelsea FC 30 millions Portugal Al Nassr Joao Félix
39%
OM 25 millions Brésil Inter Milan Luis Henrique
39%
As Monaco 30 millions Cote d'ivoire Galatasaray Wilfried singo
39%
Tottenham 22,5 millions Corée du sud LAFC Heung min Son
38%
Villarreal 40 millions France Everton FC Thierno Barry
38%
OM 19,5 millions Angleterre Bologne Jonathan Rowe
37%
West Ham 23 millions Maroc OM Naguef aguerd
37%
Ac milan 25 millions France Al Hilal Théo Hernandez
37%
Feyenoord 35 millions Slovaquie Atletico Madrid David hancko
35%
Vfb Stuttgart 30 millions France Al Hilal Enzo millot
35%
Manchester United 25 millions Brésil Real Betis Antony
34%
LOSC 18,5 millions Kosovo Juventus Edhon Zhegrova
34%
Rennes 31 millions France Nottingham forest Arnaud kalimuendo
33%
Burnley 31 millions Angleterre Manchester City James trafford
33%
FC Séville 29 millions France Leverkusen Loïc Badé
33%
Bayern Munich 40 millons France Tottenham Mathys Tell
33%
PSV 28 millions Pays-Bas Naples Noa Lang
33%
FC Porto 32 millions Portugal Juventus Turin Sergio conceicao
32%
Strasbourg 33 millions Sénégal Sunderland Habib Diarra
31%
RC Lens 25 millions France Inter Milan Andy Diouf
30%
Bournemouth 42,5 millions Burkina Faso Brentford Dango ouatarra
28%
Parme calcio 35 millions Italie Liverpool FC Giovanni Leoni
28%
Leverkusen 21 millions Maroc Bournemouth Amine Adli
26%
Chelsea 23 millions Albanie Burnley Armando broja
26%
Chelsea FC 29,5 millions Serbie Bournemouth Djordje Petrovic
25%
Juventus 29,5 millions Portugal Villarreal Renato Veiga
25%
Valence 20 millions Colombie Arsenal Christian mosquera
24%
Villarreal 30 millions Espagne Crystal Palace Yeremi piño
24%
Southampton 50 millions Angleterre Everton Tyler Dibling
22%
Parme calcio 26 milions France Inter Milan Ange Yoan Bonny
21%
Chaktar Donetsk 45 millions Brésil Fulham Kevin
21%
Strasbourg 20 millions France Chelsea Mamadou Sarr
21%
Brighton Albion 24 millions Côte d'ivoire Sunderland Simon adingra
21%
Wolverhampton 22,5 millions Portugal Borussia Dortmund Fabio Silva
20%
Southampton 48,6 millions Portugal West Ham Matheus Fernandes
20%
RC Lens 23 millions Maroc As Roma Neil El aynaoui
20%
Chelsea FC 33 millions Angleterre Everton FC Kiernan Dewsburry hall
19%
Psv 35 millions Pays bas Leverkusen Malick tilmann
19%
Royal antwerp 24 millions Belgique Manchester United Senne Lammens
19%
Naples 22 millions Italie Atletico Madrid Giocomo Raspadori
18%
Liverpool 29 millions Écosse Bournemouth Ben doak
17%
Real Betis 30 millions USA Atletico Madrid Johnny Cardoso
17%
Sporting Lisbonne 25 millions Danemark Rb Leipzig Conrad harder
16%
Ac milan 20 millions Autriche Leeds United Noah Okafor
16%
Fribourg 22 millions Japon Eintracht Francfort Ristu Doan
16%
Manchester City 35 millions Angleterre Nottingham forest James mac atee
15%
Toulouse 27 millions France Crystal Palace Jaydee canvot
15%
Udinese 26 millions Italie Naples Lorenzo Lucca
15%
Union saint Gilloise 20 millions RDC Congo Sunderland Noa sadiki
15%
Botafogo 21 millions Brésil Atletico Madrid Thiago almada
15%
OGC Nice 20 millions Algérie Vfb Stuttgart Badredine Bouanani
14%
Ajax Amsterdam 25 millions Pays-Bas Sunderland Brian brobbey
14%
PSV 22 millions Belgique Rb Leipzig Johan Bakayoko
14%
Chelsea 22 millions France Burnley Lesley ugochukwu
14%
Palmeiras 27 millions Brésil Benfica Lisbonne Richard rios
14%
Flamengo 25 millions Brésil As Roma Wesley
14%
Deportivo alaves 20 millions Argentine Strasbourg Joaquin Panicheli
13%
Genoa 20 millions Belgique Ac milan Koni De winter
12%
Girona 20 millions Espagne Naples Miguel Gutiérrez
12%
Bologne 30 millions Pays-Bas Naples Sam Beukema
12%
As Monaco 20 millions France West Ham Soungoutou Magassa
12%
Chelsea FC 22 millions Angleterre Borussia Dortmund Carney chuckwuemeka
11%
Atletico Madrid 25 millions Brésil Flamengo Samuel lino
11%
As Monaco 35 millions Maroc Leverkusen Eliesse ben shegir
10%
Al qadshiya 25 millions Argentine Leverkusen Ezquiel Fernandez
10%
Juventus 22 millions Brésil Flamengo Danilo
7%
Mainz 05 23 millions Allemagne Eintracht Francfort Jonathan burkardt
7%
Hoffenheim 20 millions Allemagne Leeds United Antonio Stach
4%
Us Lecce 25 millions Monténégro Atalanta Bergame Nikola Krstovic
4%
OM 10 millions France Ac milan Adrien Rabiot 🐀
1%
Aucun quiz correspondant
Distribution des résultats
% des personnes avec chaque résultat
Percentile par nombre de réponses
Votre historique - résultats
Vous n’avez pas pris ce quiz